Optical lasers in electronics

Saved in:
Bibliographic Details
Main Author: Steele, Earl L.
Format: Book
Language:English
Published: New York, Wiley [1968]
Series:Wiley series in pure and applied optics
Subjects:
LEADER 00851nam a22002411 4500
001 c000040743
003 CARM
005 00000000000000.0
008 731207s1968 nyua b 00010 eng
019 1 |a 678301  |5 LACONCORD2021 
035 |a (OCoLC)1173629  |5 LACONCORD2021 
050 0 0 |a TK7871.3  |b .S75 
100 1 |a Steele, Earl L. 
245 1 0 |a Optical lasers in electronics  |c [by] Earl L. Steele. 
260 |a New York,  |b Wiley  |c [1968] 
300 |a xii, 267 p.  |b illus.  |c 24 cm. 
490 0 |a Wiley series in pure and applied optics 
504 |a Includes bibliographies. 
650 0 |a Lasers. 
852 8 |b CARM  |h A2:AE22C0  |i B00652  |p 0034555  |f BK 
082 0 4 |a 621.32/9 
999 f f |i 67a0acdd-330d-55b8-b3f8-c0dd48b3faaa  |s 3f85f1ff-b721-58a4-b1ce-39f908601e12 
952 f f |p Can circulate  |a CAVAL  |b CAVAL  |c CAVAL  |d CARM 1 Store  |e B00652  |f A2:AE22C0  |h Other scheme  |i book  |m 0034555